Quiz sur le yiddish - Statistiques

Statistiques générales
  • Ce quiz a été pris 31 fois
  • Le résultat moyen est 7 sur 15
Statistiques - réponses
Question Réponse % Correct
Le yiddish est la langue des juifs... d'Europe centrale et orientale
100%
Le yiddish est une langue... germanique
100%
Comment s'appelle l'institution créée dans l'entre-guerre qui sert de référence pour les règles de la langue yiddish ? YIVO
83%
Comment dit-on "grand-mère" en yiddish ? Bobe
50%
Lequel de ces écrivains de langue yiddish a reçu le prix Nobel de littérature ? Isaac Bashevis Singer
50%
De quel pays européen le yiddish est-il une langue reconnue officiellement comme langue d'une minorité ? La Suède
50%
Qu'est-ce qu'un nudnik ? Un emmerdeur qui parle à tort et à travers
50%
Qu'est-ce qu'un dibbouk ? Un esprit qui prend possession d'un corps
50%
Lequel de ces films des frères Coen commence par un court-métrage en yiddish ? A serious man
33%
Si vous voulez dire "merci beaucoup", vous dites... A sheynem dank
33%
À combien estime-t-on le nombre de locuteurs yiddish actuellement ? Entre un demi-million et un million
33%
Quel est le pluriel de klezmer (le musicien) ? Klezmorim
33%
Dans lequel de ces cas pourrait-on s'exclamer "Oy vey !" ? Lorsqu'on se rend compte à la caisse d'un supermarché que l'on a oublié son portefeuille à la maison
33%
Et pour dire "je t'aime" ? Ikh hob dikh lib
17%
Une yidene, c'est une... femme assez âgée
0%
Aucun quiz correspondant
Distribution des résultats
% des personnes avec chaque résultat
Percentile par nombre de réponses
Votre historique - résultats
Vous n’avez pas pris ce quiz